000
00320nam a22001457a 4500
003
SGT
082
_a
342.0954,PAN
100
_a
PANDEY,J.N
245
_a
CONSTITUTION LAW OF INDIA
250
_a
35TH
260
_a
ALLAHABAD
_b
CENTRAL LAW HOUSE
_c
2000
300
_a
674
650
_a
INDIAN CONSTITUTION
942
_2
ddc
_c
BK
999
_c
9677
_d
9677